| 000 | 00343nam a2200145Ia 4500 | ||
|---|---|---|---|
| 005 | 20251222143236.0 | ||
| 008 | 251222s9999||||xx |||||||||||||| ||spa|| | ||
| 020 | _a970-26-0206-8 | ||
| 082 | _a005.1/S67 | ||
| 100 | _aSommerville, Ian | ||
| 245 | 0 | _aIngenierÃa de software | |
| 250 | _a6a.ed. | ||
| 264 | _bPearson Eucación | ||
| 942 | _cLIB | ||
| 999 |
_c14394 _d14394 |
||